| 000 | 00533ntaaa2200181 4500 | ||
|---|---|---|---|
| 003 | 01 | ||
| 005 | 20251027201400.0 | ||
| 008 | 0714s1973 ag 01 | ||
| 040 |
_aAR-BaBN _bspa _cAR-BaBN _eaacr _dRIC |
||
| 082 | _a225.5980 So1 | ||
| 245 | _aNuevo Testamento | ||
| 250 |
_a1 ed. : _bSociedades BĂblicas, _c1962 |
||
| 300 | _a621 p. | ||
| 500 | _aTraducido del idioma de los Matacos. Contiene vocabulario de Castellano-Mataco. | ||
| 650 |
_aBiblia-Nuevo Testamento en idioma Mataco _912289 |
||
| 650 |
_aMataco-N.T. _912290 |
||
| 942 | _cBK | ||
| 999 |
_c8344 _d8344 |
||